000
00291nam a2200109Ia 4500
008
190216s9999||||xx |||||||||||||| ||und||
100
_a
Govt Of India Plannig Comm
245
0
_a
National Service Scheme Nss Manuel 1987
260
_b
Government Of India
650
_a
References
942
_c
REF
999
_c
35947
_d
35947